00569nam a22001697a 450000500170000001000130001702000260003003500110005603700130006708200120008010000380009224500860013024600520021626000510026827000570031930000230037620211123103023.0 aUR-11339 c500.00a9789390100958 aU-9894 bDBAD/PUB a844.808 aمصبا ح ا حمد صد يقی aمشق قلم(مضا مين و مقا لا ت)cمصبا ح ا حمد صد يقی a Mashq-e-Qalam(Urdu)bby Misbah Ahmed Siddiqui  aN.Delhic2020 ءbEducational Publishing House aD1/16,Ansari Road,Darya Ganj,bNew Delhie110002l - a288 ص c22 Cm(Hb)